| 000 | 00789nam a22002057a 4500 | ||
|---|---|---|---|
| 003 | OSt | ||
| 005 | 20250905034814.0 | ||
| 008 | 250905b |||||||| |||| 00| 0 eng d | ||
| 020 | _a978-621-406-067-2 | ||
| 040 |
_aDWC-Main Lib _cOC |
||
| 082 | _aFil. 499.2115 G643k 2016 | ||
| 100 | _aRomeo P. Gonzalvo Jr. | ||
| 245 |
_aKomunikasyon at pananaliksik sa wika at kulturang Pilipino ( batayang aklat sa Filipino senior high school)/ _cGonzalvo, Romeo P., Jr. |
||
| 260 |
_aIntramuros, Manila, Philippines : _bMindshapers Co. Inc., _cc2016. |
||
| 300 |
_axii, 284 pages : _billustrations ; _c26cm. |
||
| 504 | _aIncludes bibliographical references. | ||
| 650 | _a1. Filipino language-- Study and teaching. | ||
| 650 | _a2. Linguistics-- Philippines. | ||
| 942 |
_2ddc _cBK - FIL _kFil. _n0 |
||
| 999 |
_c4458 _d4458 |
||